| 000 | 00876cam a2200241 a 4500 | ||
|---|---|---|---|
| 001 | 16343488 | ||
| 005 | 20250113160752.0 | ||
| 008 | 100721s2009 vaua 001 0 eng d | ||
| 020 | _a1932315209 (h.c.) | ||
| 020 | _a9781932315202 (h.c.) | ||
| 050 | 0 | 0 |
_aJF1525.P85 _bP58 2009 |
| 100 | 1 | _aPitzer, Jack T. | |
| 245 | 1 | 0 |
_aIntroduction to public procurement / _cJack T. Pitzer, Khi V. Thai. |
| 250 | _a3rd ed. | ||
| 260 |
_aHerndon, VA : _bNational Institute of Governmental Purchasing, _cc2009. |
||
| 300 |
_axi, 244 p. : _bill. ; _c25 cm. |
||
| 500 | _a"Prepared for the National Institute of Governmental Purchasing under the LEAP Program." | ||
| 650 | 0 |
_aGovernment purchasing _zUnited States. |
|
| 650 | 0 |
_aPublic contracts _zUnited States. |
|
| 700 | 1 |
_aThai, Khi V., _d1941- |
|
| 710 | 2 | _aNational Institute of Governmental Purchasing (U.S.) | |
| 942 |
_2lcc _cBK _n0 |
||
| 999 |
_c2514 _d2514 |
||